The theory of games and linear programming / (Record no. 6810)
[ view plain ]
| 000 -LEADER | |
|---|---|
| fixed length control field | 00762cam a22002652 4500 |
| 001 - CONTROL NUMBER | |
| JCCL Control Number | 6810 |
| 003 - CONTROL NUMBER IDENTIFIER | |
| JCCL marc code | BD-JhCC |
| 005 - DATE AND TIME OF LATEST TRANSACTION | |
| control field | 20180419185859.0 |
| 008 - FIXED-LENGTH DATA ELEMENTS--GENERAL INFORMATION | |
| fixed length control field | 730103r19561970enka 000 0 eng |
| 035 ## - SYSTEM CONTROL NUMBER | |
| system control number | (BD-JhCC)6810 |
| 040 ## - CATALOGING SOURCE | |
| Original cataloging agency | DLC |
| Transcribing agency | WSU |
| Modifying agency | OCL |
| -- | SER |
| -- | UKM |
| -- | EQO |
| -- | BD-JhCC |
| 041 ## - LANGUAGE CODE | |
| Language code of Book | eng |
| 050 0# - LIBRARY OF CONGRESS CALL NUMBER | |
| Classification number | QA269 |
| Item number | .V3 |
| 082 ## - DEWEY DECIMAL CLASSIFICATION NUMBER | |
| Classification number | 512.89 |
| Author mark and Year | VAJ 1970 |
| 100 1# - MAIN ENTRY--PERSONAL NAME | |
| Personal name | Vajda, S. |
| 245 14 - TITLE STATEMENT | |
| Title | The theory of games and linear programming / |
| Statement of responsibility, etc | S. Vajda |
| 260 ## - PUBLICATION, DISTRIBUTION, ETC. (IMPRINT) | |
| Place of publication, distribution, etc | London : |
| Name of publisher, distributor, etc | Methuen ; |
| Place of publication, distribution, etc | New York : |
| Name of publisher, distributor, etc | Wiley, |
| Date of publication, distribution, etc | [1956] |
| 300 ## - PHYSICAL DESCRIPTION | |
| Pagination | 106 p. |
| Other physical details | illus. |
| Dimensions | 18 cm. |
| 490 1# - SERIES STATEMENT | |
| Series statement | Methuen's monographs on physical subjects |
| 650 #0 - SUBJECT ADDED ENTRY--TOPICAL TERM | |
| Topical term or geographic name as entry element | Game theory |
| 650 #0 - SUBJECT ADDED ENTRY--TOPICAL TERM | |
| Topical term or geographic name as entry element | Linear programming. |
| 830 #0 - SERIES ADDED ENTRY--UNIFORM TITLE | |
| Uniform title | Methuen's monographs on physical subjects |
| 942 ## - ADDED ENTRY ELEMENTS (KOHA) | |
| Source of classification or shelving scheme | Dewey Decimal Classification |
| Koha item type | Books |
| Source of classification or shelving scheme | Damaged status | Not for loan | Home library | Current library | Date of accession | Total Checkouts | Full call number | Barcode | Date last seen | Copy number | Koha item type |
|---|---|---|---|---|---|---|---|---|---|---|---|
| Dewey Decimal Classification | JCC Rouf Library | JCC Rouf Library | 01/30/2018 | 512.89 VAJ 1970 | 9389 | 01/30/2018 | C-1 | Books |